| Tag |
First Indicator |
Second Indicator |
Subfields |
| LEADER |
00000cam a2200000Ka 4500 |
| 001 |
in00002052266 |
| 005 |
20151101064416.0 |
| 008 |
040913s2003 cauac b 001 0 eng d |
| 020 |
|
|
|a 1932178031 (v. 1)
|
| 035 |
|
|
|a (OCoLC)ocm56495494
|
| 040 |
|
|
|a HNP
|c HNP
|d OCLCQ
|d TXA
|d UtOrBLW
|
| 043 |
|
|
|a n-us---
|
| 049 |
|
|
|a TXAM
|
| 090 |
|
|
|a R855.5.U6
|b H43 2003
|
| 096 |
|
|
|a W 84.1 H3497177
|
| 245 |
0 |
0 |
|a Health care technology.
|
| 264 |
|
1 |
|a [San Francisco, Calif.] :
|b Montgomery Research, Inc.,
|c [2003?-]
|
| 300 |
|
|
|a volumes :
|b illustrations, portraits ;
|c 28 cm.
|
| 336 |
|
|
|a text
|b txt
|2 rdacontent
|
| 337 |
|
|
|a unmediated
|b n
|2 rdamedia
|
| 338 |
|
|
|a volume
|b nc
|2 rdacarrier
|
| 505 |
1 |
|
|a v. 1. Innovating clinical care through technology -- v. 2. Enabling collaboration between payers and providers.
|
| 504 |
|
|
|a Includes bibliographical references and index.
|
| 550 |
|
|
|a Sponsored by Cap Gemini Ernst & Young.
|
| 650 |
|
0 |
|a Medical technology
|z United States.
|
| 650 |
|
0 |
|a Medical innovations
|z United States.
|
| 650 |
|
0 |
|a Telecommunication in medicine
|z United States.
|
| 650 |
1 |
2 |
|a Delivery of Health Care
|x standards.
|
| 650 |
2 |
2 |
|a Technology.
|
| 710 |
2 |
|
|a Montgomery Research, Inc.
|
| 710 |
2 |
|
|a Cap Gemini Ernst & Young.
|
| 994 |
|
|
|a E0
|b TXA
|
| 948 |
|
|
|a cataloged
|b h
|c 2005/5/11
|d c
|e jlanham
|f 2:31:00 pm
|
| 999 |
|
|
|a MARS
|
| 999 |
f |
f |
|s bcf902a5-7297-34aa-b3a1-4ee6731a0694
|i 23021c2f-4f7b-32b7-b08b-838e86142dce
|t 0
|
| 952 |
f |
f |
|p ric
|a Texas A&M University
|b Rellis Campus
|c Joint Library Facility
|d Remote Storage
|t 0
|e R855.5.U6 H43 2003
|h Library of Congress classification
|i unmediated -- volume
|k v.2
|m A14843676645
|
| 952 |
f |
f |
|p ric
|a Texas A&M University
|b Rellis Campus
|c Joint Library Facility
|d Remote Storage
|t 0
|e R855.5.U6 H43 2003
|h Library of Congress classification
|i unmediated -- volume
|k v.1
|m A14843676637
|
| 998 |
f |
f |
|a R855.5.U6 H43 2003
|s v.1-2
|t 0
|l Remote Storage
|